[Event "Unterfranken-ch H1 46th"]
[Site "Karlburg"]
[Date "1995.??.??"]
[Round "?"]
[White "Gerhard, Andreas"]
[Black "Wenzel, Richard"]
[Result "1/2-1/2"]
[WhiteElo "1633"]
[BlackElo "1549"]
[PlyCount "65"]
[EventDate "1995.04.17"]
[EventType "swiss"]
[EventRounds "9"]
[EventCountry "GER"]
[SourceTitle "EXT 2015"]
[Source "ChessBase"]
[SourceDate "2014.11.20"]
[SourceVersion "1"]
[SourceVersionDate "2014.11.20"]
[SourceQuality "1"]

1. d4 d5 2. Nf3 Nf6 3. Bg5 e6 4. e3 Be7 5. Be2 0-0 6. 0-0 b6 7. c4 Bb7 8. Nc3 Nbd7 9. Rc1 Rc8 10. a3 c5 11. cxd5 exd5 12. Bd3 Ne4 13. Bxe7 Qxe7 14. Bxe4 dxe4 15. Ne1 Nf6 16. Nc2 Rfd8 17. Qe2 Rd7 18. dxc5 Qxc5 19. Nd4 a6 20. Rc2 Qe5 21. Rfc1 Rdc7 22. Na4 Nd5 23. Rxc7 Rxc7 24. Rxc7 Qxc7 25. Qc2 Qxc2 26. Nxc2 f5 27. Nd4 g6 28. Kf1 Kf7 29. g3 Ke7 30. Ke2 Kd6 31. Kd2 Ke5 32. Nc3 g5 33. Nce2 1/2-1/2